[Event "ch-IND National A"]
[Site "Calicut IND"]
[Date "2003.12.12"]
[Round "13"]
[White "Srinivasa Rao,M"]
[Black "Singh,SV"]
[Result "0-1"]
[WhiteElo "2329"]
[BlackElo "2342"]
[EventDate "2003.12.04"]

1. Nf3 Nf6 2. c4 g6 3. Nc3 Bg7 4. g3 c6 5. Bg2 O-O 6. O-O d5 7. cxd5 cxd5
8. d4 Nc6 9. Ne5 e6 10. Bf4 Nh5 11. Nxc6 bxc6 12. Be3 Nf6 13. h3 Nd7 14.
Na4 Ba6 15. Rc1 Rc8 16. Re1 Re8 17. Bf3 Bb5 18. Nc5 Nxc5 19. Rxc5 Bf8 20.
Rc1 Bb4 21. Rf1 a5 22. a3 Bd6 23. Re1 Qb6 24. Qd2 Rb8 25. Bf4 Bxf4 26. Qxf4
Ba4 27. h4 Qd8 28. Qd2 Re7 29. Rc5 Ra7 30. e4 Qf6 31. Bg2 Rab7 32. Rb1 Bb3
33. Rbc1 Ba4 34. Rb1 Bb3 35. Rbc1 dxe4 36. Rxc6 Bd5 37. Rc8+ Rxc8 38. Rxc8+
Kg7 39. b4 axb4 40. axb4 Ra7 41. b5 Ra1+ 42. Kh2 Ra2 43. Qb4 Kh6 44. Qf8+
Kh5 45. Qg8 Qxf2 0-1

[Event "ch-IND National A"]
[Site "Calicut IND"]
[Date "2003.12.13"]
[Round "14"]
[White "Ramesh,R"]
[Black "Sareen,V"]
[Result "1/2-1/2"]
[WhiteElo "2466"]
[BlackElo "2367"]
[EventDate "2003.12.04"]

1. e4 e5 2. Nf3 Nc6 3. Bb5 a6 4. Ba4 Nf6 5. O-O Be7 6. Re1 b5 7. Bb3 O-O 8.
h3 Bb7 9. d3 d6 10. a3 Na5 11. Ba2 c5 12. Nc3 Nc6 13. Nd5 Nxd5 14. Bxd5 Qc7
15. c3 Nb8 16. Bxb7 Qxb7 17. d4 Nc6 18. a4 1/2-1/2

[Event "ch-IND National A"]
[Site "Calicut IND"]
[Date "2003.12.13"]
[Round "14"]
[White "Barua,D"]
[Black "Roy Chowdhury,S"]
[Result "1/2-1/2"]
[WhiteElo "2528"]
[BlackElo "2421"]
[EventDate "2003.12.04"]

1. e4 e5 2. Bc4 Nf6 3. d3 Nc6 4. Nf3 Be7 5. O-O O-O 6. Bb3 d6 7. c3 Na5 8.
Bc2 c5 9. a4 Nc6 10. Nbd2 h6 11. Nc4 Be6 12. Ne3 a6 13. d4 Bd7 14. dxc5
dxc5 15. Qe2 Be6 16. Rd1 Nd7 17. Nd5 Re8 18. h3 Bf8 19. Nd2 Bxd5 20. exd5
Na7 21. Nc4 g6 22. Qf3 Qh4 23. Qe2 Rad8 24. Na5 Rb8 25. Be3 Nc8 26. Nc4 Nd6
27. Nxd6 Bxd6 28. a5 f5 1/2-1/2

[Event "ch-IND National A"]
[Site "Calicut IND"]
[Date "2003.12.13"]
[Round "14"]
[White "Sriram,J"]
[Black "Das,A"]
[Result "0-1"]
[WhiteElo "2458"]
[BlackElo "2299"]
[EventDate "2003.12.04"]

1. d4 Nf6 2. c4 e6 3. Nc3 Bb4 4. f3 c5 5. d5 b5 6. e4 bxc4 7. Bxc4 Bb7 8.
Bg5 h6 9. Bh4 exd5 10. exd5 O-O 11. Nge2 d6 12. O-O Nbd7 13. Ne4 g5 14. Bg3
Nxe4 15. fxe4 Qe7 16. Qc2 Rae8 17. Bd3 f5 18. exf5 Bxd5 19. Nc3 Bxc3 20.
Qxc3 Qe3+ 21. Bf2 Qe5 22. Bb5 Qxf5 23. Rad1 Nb6 24. Bxe8 Rxe8 25. Qg3 Re2
26. Qxd6 Qe4 27. Qb8+ Kh7 28. Qxa7+ Bb7 29. Qxb7+ Qxb7 30. Rd6 Nc4 31. Rd3
Ne5 32. Rg3 Qd5 33. Rc3 Nd3 34. Rb3 Nxf2 35. Rxf2 Re1+ 0-1

[Event "ch-IND National A"]
[Site "Calicut IND"]
[Date "2003.12.13"]
[Round "14"]
[White "Prathamesh,S"]
[Black "Thipsay,P"]
[Result "1/2-1/2"]
[WhiteElo "2379"]
[BlackElo "2486"]
[EventDate "2003.12.04"]

1. e4 e5 2. Nf3 Nc6 3. Bb5 a6 4. Ba4 Nf6 5. O-O Be7 6. Re1 b5 7. Bb3 O-O 8.
a4 Bb7 9. d3 d6 10. Nc3 Na5 11. Ba2 b4 12. Ne2 c5 13. Ng3 Bc8 14. Bc4
1/2-1/2

[Event "ch-IND National A"]
[Site "Calicut IND"]
[Date "2003.12.13"]
[Round "14"]
[White "Sundararajan,K"]
[Black "Srinivasa Rao,M"]
[Result "1-0"]
[WhiteElo "2446"]
[BlackElo "2329"]
[EventDate "2003.12.04"]

1. d4 Nf6 2. Nf3 g6 3. Bg5 Bg7 4. Nbd2 d5 5. e3 O-O 6. Be2 c5 7. c3 b6 8.
O-O Bb7 9. b4 Ne4 10. Nxe4 dxe4 11. Nd2 cxb4 12. cxb4 h6 13. Bh4 Nd7 14.
Rc1 g5 15. Bg3 e5 16. dxe5 Nxe5 17. Nc4 Nxc4 18. Bxc4 Rc8 19. Qb3 Qe7 20.
Rfd1 Rfd8 21. h3 Ba8 22. Rd6 Bf6 23. Bxf7+ Kg7 24. Rxc8 Rxc8 25. Bd5 Rd8
26. Rxd8 Qxd8 27. Bxa8 Qxa8 28. Qe6 Qg8 29. Qxe4 Qxa2 30. b5 Qa1+ 31. Kh2
h5 32. Bd6 h4 33. Qf5 a5 34. bxa6 Qxa6 35. Qd7+ Kg6 36. Qe8+ Kg7 37. Bf8+
1-0

[Event "ch-IND National A"]
[Site "Calicut IND"]
[Date "2003.12.13"]
[Round "14"]
[White "Singh,SV"]
[Black "Ravi,Th"]
[Result "1/2-1/2"]
[WhiteElo "2342"]
[BlackElo "2380"]
[EventDate "2003.12.04"]

1. d4 Nf6 2. c4 e6 3. Nc3 Bb4 4. e3 b6 5. Nge2 Bb7 6. a3 Be7 7. d5 e5 8. e4
d6 9. f3 Nbd7 10. Be3 a5 11. b4 O-O 12. b5 Ne8 13. Qd2 Nc5 14. Nc1 g6 15.
Bd3 f5 16. Bc2 f4 17. Bf2 Bh4 18. Nd3 Nxd3+ 19. Bxd3 Bxf2+ 20. Qxf2 Nf6 21.
O-O-O Nh5 22. Rdg1 Qf6 23. Ne2 Rf7 24. Kc2 Kf8 25. Rf1 Ke7 26. Qe1 Raf8 27.
Qd2 Qg7 28. Nc3 Rf6 29. Na4 Kd8 30. Kb3 Qe7 31. Qf2 R6f7 32. Rc1 Nf6 33.
Rc2 Nd7 34. Be2 Rf6 35. Bd1 Bc8 36. Re2 g5 37. Ree1 Nc5+ 38. Nxc5 dxc5 39.
h4 Rg8 40. hxg5 Rxg5 41. Rh2 Rfg6 42. Reh1 Rg7 43. Be2 Bd7 44. Bf1 Be8 45.
Rh6 Bg6 46. Qh4 Rg3 47. Qh2 Bxe4 48. Re6 Qg5 49. Qh6 Qxh6 50. Rexh6 Bg6 51.
R6h4 Ke7 52. Kc3 Rf7 53. R1h3 Rg5 54. Rh2 Rg7 55. Bd3 Bxd3 56. Kxd3 Rxg2
57. Rxg2 Rxg2 58. Rxh7+ Kd6 59. Rh6+ Kd7 60. Rh7+ Kd6 61. Rh6+ Kd7 62. Rh7+
Kc8 63. Ke4 Re2+ 64. Kf5 Re3 65. d6 cxd6 66. Ke6 Rd3 67. Rh8+ Kc7 68. Rh7+
Kc8 69. Rh8+ 1/2-1/2

[Event "ch-IND National A"]
[Site "Calicut IND"]
[Date "2003.12.13"]
[Round "14"]
[White "Koneru,H"]
[Black "Suvrajit,S"]
[Result "1-0"]
[WhiteElo "2485"]
[BlackElo "2387"]
[EventDate "2003.12.04"]

1. d4 d5 2. c4 c6 3. e3 e6 4. Bd3 Bd6 5. Nf3 f5 6. Qc2 g6 7. h3 Ne7 8. h4
h5 9. Ng5 Ng8 10. Nc3 Nf6 11. Bd2 Bd7 12. a3 Qe7 13. Qb3 Bc8 14. O-O-O O-O
15. f3 Kg7 16. Rdf1 dxc4 17. Bxc4 e5 18. dxe5 Bxe5 19. Ne2 b5 20. Be6 Na6
21. Bxc8 Rfxc8 22. Qc2 b4 23. Qc4 bxa3 24. Qxa6 axb2+ 25. Kb1 Nd5 26. e4
Nc7 27. Qc4 Nb5 28. Bb4 c5 29. Qxb5 cxb4 30. Rd1 Rc7 31. Qd5 Re8 32. Nd4
Kh6 33. Nde6 Bg7 34. Nxc7 Qxc7 35. e5 b3 36. Qxb3 Rb8 37. Qa4 Qc3 38. Rd7
Rc8 39. Rdd1 Rc4 40. Nf7+ Kh7 41. Ng5+ Kh6 42. Qxc4 Qxc4 43. Rd2 Bxe5 44.
Rd7 Bg7 45. Nf7+ Kh7 46. Ng5+ Kh6 47. Nf7+ Kh7 48. Ng5+ Kg8 49. Rd8+ Bf8
50. Rhd1 a5 51. Rb8 Qa4 52. Rbd8 Qa1+ 53. Kc2 a4 54. Rb1 Qa2 55. Rxb2 Qc4+
56. Kd2 Qf4+ 57. Kd3 Qc1 58. Rbb8 Qd1+ 59. Kc4 Qc2+ 60. Kd4 Qd2+ 61. Ke5
Qc3+ 62. Kf4 Qc7+ 63. Ke3 Qc5+ 64. Kd3 Qa3+ 65. Ke2 Qa2+ 66. Ke3 Qa3+ 67.
Kf2 Qc5+ 68. Kg3 Qe5+ 69. Kh3 Qe7 70. Re8 Qd6 1-0

[Event "ch-IND National A"]
[Site "Calicut IND"]
[Date "2003.12.14"]
[Round "15"]
[White "Hariharan,V"]
[Black "Koneru,H"]
[Result "0-1"]
[WhiteElo "2245"]
[BlackElo "2485"]
[EventDate "2003.12.04"]

1. e4 g6 2. d4 Bg7 3. Nf3 d6 4. Nc3 a6 5. Be2 e6 6. O-O Nd7 7. a4 b6 8. Re1
h6 9. Bf1 Ne7 10. Bf4 g5 11. Be3 Bb7 12. Nd2 Ng6 13. Ne2 O-O 14. c3 f5 15.
f3 Nf6 16. exf5 exf5 17. c4 g4 18. d5 f4 19. Bf2 gxf3 20. gxf3 Nh5 21. Ne4
Bc8 22. Nd4 Ne5 23. a5 bxa5 24. Ne6 Bxe6 25. dxe6 Qe7 26. Bh3 Nxc4 27. Bg4
Nf6 28. Bh4 Ne3 29. Rxe3 fxe3 30. Kh1 Nxe4 31. Bxe7 Nf2+ 32. Kg2 Nxd1 33.
Rxd1 Rfb8 34. f4 Rxb2+ 35. Kf3 e2 36. Re1 a4 0-1

[Event "ch-IND National A"]
[Site "Calicut IND"]
[Date "2003.12.14"]
[Round "15"]
[White "Suvrajit,S"]
[Black "Sriram,J"]
[Result "1/2-1/2"]
[WhiteElo "2387"]
[BlackElo "2458"]
[EventDate "2003.12.04"]

1. d4 d5 2. c4 c6 3. e3 Nf6 4. Nf3 e6 5. Bd3 Nbd7 6. O-O dxc4 7. Bxc4 b5 8.
Be2 Bb7 9. a4 a6 10. Nbd2 Bd6 11. Nb3 O-O 12. Bd2 c5 13. axb5 axb5 14. Rxa8
Qxa8 15. dxc5 Nxc5 16. Nxc5 Bxc5 1/2-1/2

[Event "ch-IND National A"]
[Site "Calicut IND"]
[Date "2003.12.14"]
[Round "15"]
[White "Roy Chowdhury,S"]
[Black "Sandipan,C"]
[Result "0-1"]
[WhiteElo "2421"]
[BlackElo "2504"]
[EventDate "2003.12.04"]

1. d4 d5 2. Nf3 Nf6 3. Bf4 g6 4. e3 Bg7 5. Nbd2 c5 6. c3 Qb6 7. Qb3 c4 8.
Qxb6 axb6 9. a3 Nc6 10. Ne5 b5 11. Rc1 Nh5 12. Bg3 g5 13. Nxc6 Nxg3 14.
hxg3 bxc6 15. Be2 g4 16. Rh5 f5 17. Bd1 O-O 18. f4 Bd7 19. Bc2 e6 20. b4
Rxa3 21. Nb1 Ra2 22. Rh1 Be8 23. Rf1 Bg6 24. Rf2 Rfa8 25. Rd2 Bf6 26. Bd1
R2a7 27. Rb2 h5 28. Kf2 Rh7 29. Nd2 Kf8 30. Bc2 Ra3 31. Bb1 Rha7 32. Rcc2
Bd8 33. Ra2 c5 34. bxc5 Be8 35. Ke1 R7a4 36. Rxa3 Rxa3 37. Ba2 Ba5 38. Nb1
Ra4 39. Nd2 Bxc3 0-1

[Event "ch-IND National A"]
[Site "Calicut IND"]
[Date "2003.12.14"]
[Round "15"]
[White "Satyapragyan,S"]
[Black "Singh,SV"]
[Result "1/2-1/2"]
[WhiteElo "2415"]
[BlackElo "2342"]
[EventDate "2003.12.04"]

1. e4 c5 2. Nf3 d6 3. d4 cxd4 4. Nxd4 Nf6 5. Nc3 Nc6 6. Be2 e6 7. O-O Be7
8. Be3 O-O 9. f4 a6 10. Kh1 Qc7 11. Qe1 Re8 12. Qg3 d5 13. exd5 Nxd5 14.
Nxc6 bxc6 15. Bd4 Bf8 16. Ne4 f5 17. Nc5 Bd6 18. Nd3 c5 19. Be5 Bb7 20.
Rad1 Rad8 21. Bh5 Bxe5 22. Nxe5 Rf8 23. Be2 Nf6 24. Qe3 Ne4 25. Bc4 Rd6 26.
Rxd6 Qxd6 27. Qd3 Bd5 28. Kg1 Rd8 29. Rd1 h6 30. Qe2 Qb6 31. Qh5 Bxc4
1/2-1/2

[Event "ch-IND National A"]
[Site "Calicut IND"]
[Date "2003.12.14"]
[Round "15"]
[White "Bakre,T"]
[Black "Kunte,A"]
[Result "1/2-1/2"]
[WhiteElo "2443"]
[BlackElo "2535"]
[EventDate "2003.12.04"]

1. e4 e5 2. Nf3 Nc6 3. d4 exd4 4. Nxd4 Nf6 5. Nxc6 bxc6 6. Nd2 g6 7. Bd3
Bg7 8. O-O O-O 9. Re1 d6 10. Nf3 Bg4 11. h3 Bxf3 12. Qxf3 Nd7 13. Bf1 Rb8
14. Rb1 Re8 15. b3 Qh4 16. Bd2 Bd4 17. Bf4 Qf6 18. Rbd1 Be5 19. Bxe5 Qxf3
20. gxf3 Nxe5 21. Re3 c5 22. f4 Nc6 23. e5 Nd4 24. c3 Nf5 25. Re4 f6 26.
Ra4 fxe5 27. Rxa7 Ra8 28. Rxc7 exf4 29. a4 Re5 30. Ra1 Nh4 31. a5 Nf3+ 32.
Kh1 Nd2 33. Bc4+ Nxc4 34. bxc4 Rf5 35. a6 Rf7 36. Rc6 Rd7 37. Kg2 Kf7 38.
Kf3 Ke6 39. Kxf4 Rf7+ 40. Kg3 Raf8 41. Ra2 Ra7 42. Rd2 Rd8 43. Rb6 h6 44.
Kf4 Rf7+ 45. Ke4 g5 46. Ke3 Ra7 47. Rd1 Rf7 48. Rb7 Rxb7 49. axb7 Kd7 50.
Rb1 Kc7 51. b8=Q+ Rxb8 52. Rxb8 Kxb8 53. Ke4 Kc7 54. Kf5 Kc6 55. Kg6 d5 56.
cxd5+ Kxd5 57. Kxh6 Kc4 58. Kxg5 Kxc3 59. h4 c4 60. h5 Kb4 61. h6 c3 62. h7
c2 63. h8=Q c1=Q+ 64. f4 Qg1+ 65. Kf5 Qb1+ 66. Ke6 Qa2+ 67. Ke7 1/2-1/2

[Event "ch-IND National A"]
[Site "Calicut IND"]
[Date "2003.12.14"]
[Round "15"]
[White "Neelotpal,D"]
[Black "Barua,D"]
[Result "1-0"]
[WhiteElo "2443"]
[BlackElo "2528"]
[EventDate "2003.12.04"]

1. e4 e6 2. d4 d5 3. Nc3 Nf6 4. Bg5 Bb4 5. e5 h6 6. Be3 Ne4 7. Qg4 Kf8 8.
a3 Bxc3+ 9. bxc3 c5 10. Bd3 Qa5 11. Ne2 Nc6 12. Bxe4 cxd4 13. Bd2 dxe4 14.
cxd4 Qd5 15. O-O Nxd4 16. Nxd4 Qxd4 17. Rad1 Qb6 18. Bb4+ Kg8 19. Be7 h5
20. Qxe4 f5 21. exf6 Kf7 22. fxg7 Rg8 23. Bf8 Qb5 24. Rd3 Bd7 25. Rfd1 1-0

[Event "ch-IND National A"]
[Site "Calicut IND"]
[Date "2003.12.14"]
[Round "15"]
[White "Ravi,Th"]
[Black "Sundararajan,K"]
[Result "1/2-1/2"]
[WhiteElo "2380"]
[BlackElo "2446"]
[EventDate "2003.12.04"]

1. e4 c6 2. d4 d5 3. exd5 cxd5 4. c4 Nf6 5. Nc3 e6 6. Nf3 Bb4 7. cxd5 Nxd5
8. Qc2 Bd7 9. a3 Ba5 10. b4 Bb6 11. Nxd5 exd5 12. Bg5 f6 13. Be3 Nc6 14.
Bd3 Rc8 15. Bxh7 Ne5 16. Qb1 Nxf3+ 17. gxf3 Qc7 18. a4 Qc3+ 19. Ke2 Bxd4
20. Rc1 Qb2+ 21. Qxb2 Bxb2 22. Rxc8+ Bxc8 23. Bg6+ Ke7 24. Rb1 Be5 25. Bxa7
f5 26. f4 Bxf4 27. Bd4 Rh6 28. Rg1 Bxh2 29. Bxg7 Bxg1 30. Bxh6 Kf6 31. Be8
Bh2 32. Be3 Bd6 33. b5 Bb4 34. Bb6 Ke7 35. Bh5 Kd6 36. f4 Bc5 37. Bd8 Bg1
38. Kd3 Bf2 39. Bf6 Bg3 40. Be5+ Kc5 41. Bd1 Bf2 42. Bg7 Bg3 43. Bf8+ Kb6
44. Bd6 Bf2 45. Be5 Kc5 46. Bg7 Bg3 47. Bd4+ Kd6 48. Be3 Be1 49. Bc2 Bb4
50. Bd4 Be1 51. Bg7 Bg3 52. Bf8+ Ke6 53. Ke3 Be1 54. Bb3 Bd7 55. Bc5 Bh4
56. Bb4 Bf6 57. Bd1 Bd8 58. Be2 Bb6+ 59. Kd3 Bc7 60. Bd2 Bb6 61. Bc3 Bf2
62. Bd4 Bg3 63. Be5 Bf2 64. Bc7 Bc5 65. Bf3 Bf2 66. Be5 Bg3 67. Ke3 Bc8 68.
Be2 Be1 69. Kd3 Bg3 70. a5 Bd7 71. Ke3 Be1 72. a6 bxa6 73. b6 Bc8 74. Bc7
Kd7 75. Bd1 Kc6 76. Ba4+ Kb7 77. Bb3 Kc6 78. Ba4+ Kb7 79. Bb3 Kc6 80. Be5
1/2-1/2

[Event "ch-IND National A"]
[Site "Calicut IND"]
[Date "2003.12.14"]
[Round "15"]
[White "Thipsay,P"]
[Black "Roktim,B"]
[Result "1-0"]
[WhiteElo "2486"]
[BlackElo "2352"]
[EventDate "2003.12.04"]

1. e4 e5 2. Nf3 Nc6 3. Bb5 Nf6 4. O-O Nxe4 5. Re1 Nd6 6. Nxe5 Nxe5 7. Rxe5+
Be7 8. Nc3 O-O 9. Bd3 f5 10. Qf3 Bf6 11. Re2 Re8 12. b3 Rxe2 13. Bxe2 Ne4
14. Bc4+ Kh8 15. Qxf5 d5 16. Qxd5 Qxd5 17. Bxd5 Nxc3 18. dxc3 Bxc3 19. Rb1
Bf5 20. Be3 c6 21. Bc4 Rd8 22. Bd3 Bxd3 23. Rd1 Rd5 24. Rxd3 Rxd3 25. cxd3
a6 26. f4 g6 27. Kf2 Kg7 28. Kf3 Kf6 29. Ke4 Ke6 30. g4 Ba5 31. h3 Bc7 32.
Bd4 Bd6 33. Be5 Bc5 34. f5+ gxf5+ 35. gxf5+ Kf7 36. d4 Bb4 37. d5 cxd5+ 38.
Kxd5 Ba3 39. Bd4 Be7 40. Bc5 Bh4 41. b4 Bg3 42. Bd4 Bh4 43. Kd6 Be7+ 44.
Kc7 Bxb4 45. Kxb7 a5 46. a4 h5 47. Kc6 Be1 48. Kb5 Bd2 49. Bb6 Kf6 50. Bxa5
Bf4 51. Bd8+ Kxf5 52. a5 Ke5 1-0

[Event "ch-IND National A"]
[Site "Calicut IND"]
[Date "2003.12.15"]
[Round "16"]
[White "Barua,D"]
[Black "Bakre,T"]
[Result "1-0"]
[WhiteElo "2528"]
[BlackElo "2443"]
[EventDate "2003.12.04"]

1. e4 c5 2. Nf3 d6 3. d4 cxd4 4. Nxd4 Nf6 5. Nc3 Nc6 6. Be2 g6 7. O-O Bg7
8. Nb3 O-O 9. Kh1 a6 10. f4 b5 11. Bf3 Bb7 12. Nd5 e6 13. Nxf6+ Bxf6 14. c3
Qc7 15. Be3 Rad8 16. Qe2 Nb8 17. Qf2 Nd7 18. Rfd1 Be7 19. Bd4 e5 20. Be3
exf4 21. Bxf4 Ne5 22. Nd4 Bf6 23. Nc2 Qe7 24. Ne3 Bg5 25. Bxg5 Qxg5 26. Rd4
f5 27. h4 Qh6 28. exf5 Nxf3 29. gxf3 gxf5 30. Rg1+ Kh8 31. Rg5 Qe6 32. Rf4
Rde8 33. Ng2 Qe5 34. Qc2 Bc8 35. Qd2 Rg8 36. Kg1 h6 37. Rxg8+ Rxg8 38. Rd4
f4 39. Rxd6 Bh3 40. Rd8 Bxg2 41. Rxg8+ Kxg8 42. Kxg2 Qf6 43. Qd5+ Kf8 44.
Kh3 h5 45. Qxh5 Qe6+ 46. Qg4 Qxa2 47. Qxf4+ Kg8 48. b4 Qa1 49. Qe3 Kg7 50.
Kg4 Qa2 51. Qe5+ Kf7 52. h5 Qg2+ 53. Qg3 Qe2 54. Qf4+ Kg8 55. h6 Qe6+ 56.
Qf5 Qc4+ 57. Kg5 Qxc3 58. Qg6+ Kh8 59. Qf6+ Qxf6+ 60. Kxf6 Kh7 61. Kg5 1-0

[Event "ch-IND National A"]
[Site "Calicut IND"]
[Date "2003.12.15"]
[Round "16"]
[White "Kunte,A"]
[Black "Thipsay,P"]
[Result "1-0"]
[WhiteElo "2535"]
[BlackElo "2486"]
[EventDate "2003.12.04"]

1. e4 e5 2. Nf3 Nc6 3. Bb5 a6 4. Ba4 Nf6 5. O-O Be7 6. Re1 b5 7. Bb3 d6 8.
c3 O-O 9. d4 Bg4 10. Be3 exd4 11. cxd4 Na5 12. Bc2 c5 13. h3 cxd4 14. Bxd4
Bh5 15. Nc3 Rc8 16. g4 Bg6 17. Rc1 Nc4 18. Nd5 Nxd5 19. exd5 Bf6 20. Bxg6
fxg6 21. b3 Bxd4 22. Nxd4 Ne5 23. Rxc8 Qxc8 24. Re3 Qb7 25. Ne6 Rc8 26. Qd4
Qf7 27. Rc3 Qb7 28. Rxc8+ Qxc8 29. Qa7 Nd7 30. Kg2 b4 31. Qd4 Qc3 32. Qa7
Qc8 33. g5 h6 34. gxh6 gxh6 35. Qe3 Nf8 36. Nd4 Qc5 37. Qe4 a5 38. h4 Qc3
39. Nc6 Qd2 40. Ne7+ Kf7 41. Nc8 Qxa2 42. Qe7+ Kg8 43. Nxd6 Nh7 44. Qf7+
Kh8 45. Qxg6 1-0

[Event "ch-IND National A"]
[Site "Calicut IND"]
[Date "2003.12.15"]
[Round "16"]
[White "Harikrishna,P"]
[Black "Koneru,H"]
[Result "1/2-1/2"]
[WhiteElo "2570"]
[BlackElo "2485"]
[EventDate "2003.12.04"]

1. d4 Nf6 2. Nf3 e6 3. g3 b6 4. Bg2 Bb7 5. c4 Be7 6. O-O O-O 7. Re1 d5 8.
cxd5 Bxd5 9. Nc3 Bb7 10. Ne5 Bxg2 11. Kxg2 c5 12. dxc5 Bxc5 13. Qxd8 Rxd8
14. Bg5 Nbd7 15. Nd3 Be7 16. Rac1 h6 17. Bxf6 Bxf6 18. Ne4 Rac8 19. Nxf6+
Nxf6 20. Kf3 Kf8 21. Nb4 a5 22. Nd3 Nd7 23. a3 Ke7 24. b4 axb4 25. axb4 f6
26. Red1 Nb8 27. Ke3 Nc6 28. Rc4 Ne5 29. Rxc8 Rxc8 30. Ra1 Rc4 31. Ra7+ Nd7
32. f4 Kd6 33. h4 Rc7 34. Ra8 Ke7 35. g4 e5 36. g5 hxg5 37. hxg5 fxg5 38.
fxe5 Rc4 39. Rg8 Kf7 40. e6+ Kxe6 41. Rxg7 Nf6 42. Rxg5 Nd5+ 43. Kf3 Nxb4
44. Nf4+ Kd7 45. e4 Rc3+ 46. Kg4 Re3 47. e5 Kc6 48. e6 Nd3 49. Nxd3 Rxe6
50. Nb4+ Kd6 51. Rd5+ Kc7 52. Kf5 Re2 53. Rd3 b5 54. Rc3+ Kb7 55. Nd5 Re1
56. Kf4 Re8 57. Nf6 Re1 58. Ne4 Kb6 59. Ke5 Rd1 60. Rc8 Kb7 61. Rc2 Kb6 62.
Rb2 Rd3 63. Rb1 Kc6 64. Nf6 Kc5 65. Ne4+ Kc6 66. Rc1+ Kb6 67. Rc8 Kb7 68.
Rh8 Kb6 69. Rb8+ Kc6 70. Nf6 Kc5 71. Rc8+ Kb4 72. Ke4 Rh3 73. Kd4 Rh4+ 74.
Ne4 Rh7 75. Rc1 Rd7+ 76. Ke3 Ka5 77. Nc5 Rc7 78. Ra1+ Kb6 79. Nd3 Rc4 80.
Ne5 Rh4 81. Nf3 Ra4 82. Rg1 Rc4 83. Nd4 Rc7 84. Rg6+ Kb7 85. Ke4 Rd7 86.
Nb3 Kc7 87. Nd4 Kb7 88. Ne6 Ka7 89. Nc5 Rd1 90. Nb3 Rd7 91. Nd4 1/2-1/2

[Event "ch-IND National A"]
[Site "Calicut IND"]
[Date "2003.12.15"]
[Round "16"]
[White "Singh,SV"]
[Black "Roy Chowdhury,S"]
[Result "1-0"]
[WhiteElo "2342"]
[BlackElo "2421"]
[EventDate "2003.12.04"]

1. d4 e6 2. c4 b6 3. Nc3 Bb7 4. Nf3 Nf6 5. g3 Be7 6. Bg2 O-O 7. O-O Ne4 8.
Qc2 Nxc3 9. Qxc3 Be4 10. Bf4 f5 11. Rfd1 Bf6 12. Qe3 Nc6 13. Rac1 Ne7 14.
Be5 Ng6 15. Bxf6 Rxf6 16. Bf1 Bb7 17. d5 Qe7 18. dxe6 Rxe6 19. Qd3 d6 20.
Bg2 Rf6 21. e3 Raf8 22. b4 Be4 23. Qb3 Kh8 24. c5 Ne5 25. cxd6 cxd6 26.
Nxe5 Bxg2 27. Nc6 Qe4 28. Rd4 Qf3 29. Rf4 Qd5 30. Qxd5 Bxd5 31. Rd4 Bxa2
32. Ra1 Bb3 33. b5 d5 34. Rxa7 R6f7 35. Ra6 Rb7 36. Rb4 Bc2 37. Nd4 Bd3 38.
Rb3 Bc4 39. Rba3 g6 40. Ra8 Rxa8 41. Rxa8+ Kg7 42. Kg2 Kf6 43. Kf3 Bd3 44.
h4 h6 45. Rc8 Kg7 46. Rc6 Rb8 47. Kf4 Kf7 48. Ke5 1-0

[Event "ch-IND National A"]
[Site "Calicut IND"]
[Date "2003.12.15"]
[Round "16"]
[White "Prathamesh,S"]
[Black "Suvrajit,S"]
[Result "1/2-1/2"]
[WhiteElo "2379"]
[BlackElo "2387"]
[EventDate "2003.12.04"]

1. e4 c5 2. Nf3 d6 3. d4 cxd4 4. Nxd4 Nf6 5. Nc3 a6 6. Be2 e5 7. Nb3 Be7 8.
O-O O-O 9. Kh1 Qc7 10. a4 Be6 11. f4 Nbd7 12. g4 exf4 13. g5 Ne8 14. Bxf4
Ne5 15. Nd4 g6 16. Rc1 Rc8 17. Nd5 Qd8 18. Nxe7+ Qxe7 19. Bxe5 dxe5 20.
Nxe6 fxe6 21. Rxf8+ Kxf8 22. Qd3 Qxg5 23. Rf1+ Ke7 24. Rd1 Nf6 25. Qd6+ Kf7
26. Rf1 Re8 27. Bc4 Kg7 28. Qc7+ Kh6 29. Qf7 Ng4 30. Be2 Ne3 31. Rf2 Rd8
32. h4 Qg3 33. Qf6 Re8 34. h5 Qg5 35. Qf3 Qh4+ 36. Kg1 Qg5+ 37. Kh1 gxh5
38. Qf7 Qh4+ 39. Kg1 Qg3+ 40. Kh1 Qh4+ 41. Kg1 1/2-1/2

[Event "ch-IND National A"]
[Site "Calicut IND"]
[Date "2003.12.15"]
[Round "16"]
[White "Roktim,B"]
[Black "Das,A"]
[Result "1/2-1/2"]
[WhiteElo "2352"]
[BlackElo "2299"]
[EventDate "2003.12.04"]

1. c4 e5 2. Nc3 Nf6 3. Nf3 Nc6 4. e4 Bb4 5. d3 d6 6. Be2 h6 7. O-O O-O 8.
Ne1 Nd4 9. Nc2 Nxc2 10. Qxc2 c6 11. f4 Bc5+ 12. Kh1 exf4 13. Bxf4 Ng4 14.
Bxg4 Bxg4 15. Qd2 Bd4 16. Be3 Bxe3 17. Qxe3 Be6 18. Rf3 Qg5 19. Qf2 Qc5 20.
Qd2 Qg5 21. Qxg5 hxg5 22. Kg1 Rfe8 23. Re3 f6 24. b3 Re7 25. Kf2 Rae8 26.
Rae1 Kf7 27. d4 Bd7 28. b4 b6 29. h3 g6 30. d5 Rc8 31. c5 bxc5 32. bxc5
cxd5 33. Nxd5 Re6 34. Ra3 dxc5 35. Rxa7 Rd8 36. Rb1 Rxe4 37. Rbb7 Rd4 38.
Nb6 Ke6 39. Rxd7 R8xd7 40. Rxd7 Rxd7 41. Ke3 f5 42. a4 g4 43. g3 Kf7 44.
Kf4 Kf6 45. hxg4 Kg7 46. g5 Kf7 1/2-1/2

[Event "ch-IND National A"]
[Site "Calicut IND"]
[Date "2003.12.15"]
[Round "16"]
[White "Ganguly,S"]
[Black "Ravi,Th"]
[Result "1-0"]
[WhiteElo "2531"]
[BlackElo "2380"]
[EventDate "2003.12.04"]

1. e4 e5 2. Nf3 Nc6 3. Bb5 a6 4. Ba4 Nf6 5. O-O Be7 6. Re1 b5 7. Bb3 d6 8.
c3 O-O 9. d4 Bg4 10. Be3 exd4 11. cxd4 Na5 12. Bc2 Nc4 13. Bc1 c5 14. b3
Nb6 15. Nbd2 cxd4 16. h3 Bh5 17. Bb2 d3 18. Bxd3 Nfd7 19. Rc1 Ne5 20. Be2
Bf6 21. Nxe5 Bxe2 22. Qxe2 dxe5 23. Nf3 Qd6 24. Red1 Qe6 25. Qd2 Rfd8 26.
Qa5 h6 27. Rxd8+ Bxd8 28. Bxe5 Nc4 29. Qc3 Ba5 30. Qa1 Nxe5 31. Qxe5 Qxe5
32. Nxe5 Re8 33. Nc6 Bb6 34. e5 Kf8 35. Kf1 Rc8 36. Rc2 Ke8 37. Nd4 Rxc2
38. Nxc2 Kd7 39. Ke2 Ke6 40. f4 g5 41. g3 gxf4 42. gxf4 f6 43. exf6 Kxf6
44. Kf3 Bc5 45. Ke4 a5 46. Nd4 b4 47. Nf5 Kg6 48. Ke5 Bf2 49. Ke6 Kh5 50.
Nd6 Kh4 51. f5 Kxh3 52. f6 Bd4 53. f7 Bg7 54. Nf5 Bf8 55. Kd7 Kg4 56. Ke8
1-0

[Event "ch-IND National A"]
[Site "Calicut IND"]
[Date "2003.12.15"]
[Round "16"]
[White "Sriram,J"]
[Black "Hariharan,V"]
[Result "1-0"]
[WhiteElo "2458"]
[BlackElo "2245"]
[EventDate "2003.12.04"]

1. d4 d5 2. c4 e6 3. Nc3 Nf6 4. cxd5 exd5 5. Bg5 c6 6. Qc2 Be7 7. e3 Nbd7
8. Nf3 O-O 9. Bd3 Re8 10. O-O Nf8 11. Rab1 a5 12. a3 Bd6 13. b4 axb4 14.
axb4 Bg4 15. Nd2 Bh5 16. h3 h6 17. Bxf6 Qxf6 18. b5 Bc7 19. Nxd5 Bh2+ 20.
Kxh2 cxd5 21. Kg1 g5 22. Rfc1 Re7 23. Nf1 Bg6 24. Ra1 Rd8 25. Ra3 h5 26.
Qd1 h4 27. Nh2 Nd7 28. Rac3 Nb6 29. Ng4 Qd6 30. Bxg6 Qxg6 31. Rc7 Rxc7 32.
Rxc7 Qd6 33. Rxb7 Rc8 34. Ne5 Nc4 35. Qg4 1-0

[Event "ch-IND National A"]
[Site "Calicut IND"]
[Date "2003.12.15"]
[Round "17"]
[White "Koneru,H"]
[Black "Sriram,J"]
[Result "1-0"]
[WhiteElo "2485"]
[BlackElo "2458"]
[EventDate "2003.12.04"]

1. d4 d5 2. c4 c6 3. Nf3 Nf6 4. e3 Bf5 5. Nc3 e6 6. Nh4 Bg6 7. Nxg6 hxg6 8.
Bd2 Nbd7 9. Qb3 Qc7 10. h3 Be7 11. cxd5 exd5 12. Bd3 Nf8 13. O-O-O Ne6 14.
Kb1 O-O-O 15. f3 Kb8 16. Rc1 Qb6 17. Qd1 Rc8 18. Na4 Qd8 19. Qb3 c5 20. Ba6
Qd7 21. Bb5 Qd8 22. dxc5 Nxc5 23. Nxc5 Bxc5 24. e4 dxe4 25. Bf4+ Ka8 26.
Qxf7 Qb6 27. Ba4 exf3 28. gxf3 Bd4 29. Bb3 Bxb2 30. Rxc8+ Rxc8 31. Qe6 Qc5
32. Bd6 Qc6 33. Ba4 Qc3 34. Be5 Qd3+ 35. Kxb2 Qd2+ 36. Kb1 Qd3+ 37. Ka1 Rd8
38. Rc1 Qf5 39. Qxf5 gxf5 40. Bxf6 gxf6 41. Bd7 1-0

[Event "ch-IND National A"]
[Site "Calicut IND"]
[Date "2003.12.15"]
[Round "17"]
[White "Neelotpal,D"]
[Black "Singh,SV"]
[Result "1/2-1/2"]
[WhiteElo "2443"]
[BlackElo "2342"]
[EventDate "2003.12.04"]

1. e4 e5 2. Nf3 Nf6 3. Nxe5 d6 4. Nf3 Nxe4 5. Nc3 Nxc3 6. dxc3 Be7 7. Bf4
O-O 8. Qd2 Nd7 9. O-O-O Nc5 10. Nd4 Re8 11. f3 Ne6 12. Be3 Bg5 13. f4 Bf6
14. Nf3 Nc5 15. Bxc5 dxc5 16. Qf2 Qe7 17. Re1 Qf8 18. Rxe8 Qxe8 19. Qxc5
Qe4 20. Qc4 Qe3+ 21. Kb1 Be6 22. Qxc7 Qf2 23. Qxb7 Rd8 24. Bd3 Bd5 25. Qc7
g6 26. Ng5 Re8 27. Rc1 Qd2 28. b3 Bxc3 29. Be4 Rxe4 30. Nf3 Qe3 31. Qd8+
Re8 32. Qxd5 Qxf4 33. Rd1 Qf6 34. Qc4 h5 35. h4 a5 36. Nd4 Re1 37. Rxe1
Bxe1 38. Nf3 Bc3 39. Kc1 Ba1 40. Kd2 Qd6+ 41. Ke2 Bf6 42. a4 Qe7+ 43. Kf2
Qd6 44. g3 Qb6+ 45. Kg2 Qe3 46. Qd3 Qe7 47. Nd2 Be5 48. Qe4 Qc7 49. Nf1 Qc3
50. Qd3 Qc6+ 51. Kh2 Qf6 52. Kg1 Qb6+ 53. Kg2 Qc6+ 54. Kf2 Qc5+ 55. Ke2 Qc6
56. Kd1 Qg2 57. Qe2 Qd5+ 58. Qd3 Qg2 59. Kc1 Qf2 60. Kd1 Qg2 61. c4 Bg7 62.
Qe2 Qc6 63. Qd3 Qf6 64. Nd2 Bf8 65. Nf3 Bb4 66. Ke2 1/2-1/2